Základy diplomacie
Gespeichert in:
| 1. Verfasser: | |
|---|---|
| Format: | Buch |
| Sprache: | Slowakisch |
| Veröffentlicht: |
Bratislava
Vydavateľstvo DILEMA
2000
|
| Schlagworte: | |
| Tags: |
Keine Tags, Fügen Sie das erste Tag hinzu!
|
MARC
| LEADER | 00000nam a2200000 4500 | ||
|---|---|---|---|
| 001 | c123840 | ||
| 005 | 20221108093523.8 | ||
| 020 | |a 80-968029-9-2 | ||
| 041 | 0 | |a slo | |
| 044 | |a SK | ||
| 245 | 1 | 0 | |a Základy diplomacie |c Ľubor Bystrický |
| 264 | 1 | |a Bratislava |b Vydavateľstvo DILEMA |c 2000 | |
| 300 | |a 158 s. | ||
| 610 | 2 | 0 | |a diplomacia |
| 610 | 2 | 0 | |a vzťahy politické medzinárodné |
| 610 | 2 | 0 | |a orgány štátne |
| 610 | 2 | 0 | |a orgány zastupiteľské |
| 610 | 2 | 0 | |a misia |
| 610 | 2 | 0 | |a ministerstvá |
| 610 | 2 | 0 | |a organizácie |
| 610 | 2 | 0 | |a organizácie medzinárodné |
| 610 | 2 | 0 | |a politika zahraničná |
| 100 | 1 | |a Bystrický, Ľubor | |